| 000 | 01099nam a2200301 a 4500 | ||
|---|---|---|---|
| 001 | 69380 | ||
| 003 | BD-RjUL | ||
| 005 | 20211209081858.0 | ||
| 008 | 170411s2004 maua b 001 0 eng | ||
| 020 | _a0321173856 (pbk. : alk. paper) | ||
| 020 | _a9780321173850 (pbk. : alk. paper) | ||
| 035 | _a(BD-RjUL)69591 | ||
| 040 |
_aDLC _cDLC _dBD-RjUL _beng |
||
| 041 | _aeng | ||
| 082 | 0 | 0 |
_a686.22544536 _223 _bKOG 2004 |
| 100 | 1 |
_aKopka, Helmut. _9205543 |
|
| 245 | 1 | 0 |
_aGuide to LATEX / _cHelmut Kopka, Patrick W. Daly. |
| 250 | _a4th ed. | ||
| 260 |
_aBoston : _bAddison-Wesley, _cc2004. |
||
| 300 |
_axii, 597 p. : _bill. ; _c24 cm. + _e1 CD-ROM (4 3/4 in.) |
||
| 490 | 1 | _aAddison-Wesley series on tools and techniques for computer typesetting | |
| 500 | _aAccompanying computer disk has title: "TEX Live 2003." | ||
| 504 | _aIncludes bibliographical references (p. 557-558) and index. | ||
| 650 | 0 |
_aComputerized typesetting. _9205544 |
|
| 700 | 1 |
_aDaly, Patrick W. _9205545 |
|
| 830 | 0 |
_aAddison-Wesley series on tools and techniques for computer typesetting. _9205547 |
|
| 942 |
_2ddc _cBK |
||
| 999 |
_c69380 _d69380 |
||